El trabajo y la moral

Guardado en:
Detalles Bibliográficos
Autor principal: Haessle, Johannes (Autor)
Formato: Libro
Lenguaje:español
Publicado: Buenos Aires Desclée de Brouwer 1944
Materias:
Etiquetas: Agregar Etiqueta
Sin Etiquetas, Sea el primero en etiquetar este registro!

MARC

LEADER 00000nam a2200000 a 4500
001 UCS8491
003 CL-VaPUC
008 971031e19440000AG |||||||||||||||||spa|d
082 0 4 |a 262.1  |b HAE  |2 21 
100 0 |a Haessle, Johannes  |e author  |9 393346 
245 1 3 |a El trabajo y la moral 
300 |a 292 p 
942 |c BK 
945 |d 19971031 00:00:00  |a aalvarez 
260 |a Buenos Aires  |b Desclée de Brouwer  |c 1944 
650 0 |a Trabajo  |9 313876 
650 7 |a TRABAJO ASPECTO SOCIAL  |2 CL-VaPUC  |9 393347 
650 7 |a IGLESIA Y PROBLEMAS SOCIALES  |2 CL-VaPUC  |9 256615 
583 |a last modification  |c 19971031 00:00:00  |k Rodrigo Vera 
999 |c 262884  |d 262882 
952 |0 0  |1 0  |4 0  |6 262_100000000000000_HAE_1944  |7 0  |8 P  |9 291808  |a BIBTEO  |b BIBTES  |c TEO_FTES  |d 2019-11-19  |i 2024438  |o 262.1 HAE 1944  |p 2024438  |r 2024-01-18  |w 2019-11-19  |y BK  |k ICR 
952 |0 0  |1 0  |4 0  |6 262_100000000000000_HAE_1944  |7 0  |8 P  |9 291809  |a BIBTEO  |b BIBTES  |c TEO_FTES  |d 2019-11-19  |i 3369331  |o 262.1 HAE 1944  |p 3369331  |r 2024-01-18  |w 2019-11-19  |y BK  |k ICR